Score 0/30 Timer 03:00
0 Plays Today
Clue Answer % Correct
Shakespeare's first name, for shortWILL
90.4%
Opposite of consPROS
87.7%
Object on stagePROP
82.4%
Holier ____ thouTHAN
81.9%
Greenish-blueTEAL
78.9%
Light bulb unitWATT
78.4%
Poet WhitmanWALT
78.2%
Lauer or LeBlancMATT
77.9%
Has dinnerEATS
74.4%
Wrestling surfacesMATS
73.8%
Evidence of a spanking, perhapsWELT
73.5%
Type of deck on a shipPOOP
73.1%
Second word of the play*WELL*
72.8%
Last word of the play*WELL*
72.8%
Third word of the play*THAT*
69.1%
Clue Answer % Correct
Pocket billiardsPOOL
69.1%
Unconscious action that gives away your poker handTELL
69%
'____ 'er up!'FILL
67.9%
What a baby is weaned fromTEAT
67.7%
Cupid's equivalent in Greek mythologyEROS
65.4%
Hardware store purchaseTOOL
56.8%
First word of a Shakespeare play title*ALL'S*
56.2%
Fourth word of the play*ENDS*
54.3%
Ren or Stimpy e.g.TOON
48.8%
French sonFILS
48.6%
Sci-fi Disney film of 1982TRON
47.5%
Baseball hall-of-famer SlaughterENOS
46.6%
Endures painAILS
45.5%
Common Vietnamese surnameTRAN
45.4%
Historic St. Louis bridgeEADS
44%

Today's Daily Dose

Remove Ads.
Support Sporcle.
Get the best of Sporcle when you Go Orange. This ad-free experience offers more features, more stats, and more fun while also helping to support Sporcle. Thank you for becoming a member.

You're not logged in!

Compare scores with friends on all Sporcle quizzes.
OR
Log In

Show Comments

Extras

Top Quizzes Today


Score Distribution

Your Account Isn't Verified!

In order to create a playlist on Sporcle, you need to verify the email address you used during registration. Go to your Sporcle Settings to finish the process.

Report this User

Report this user for behavior that violates our Community Guidelines.

Details: